000 00550nam a2200205Ia 4500
003 GCL
008 140319s9999 xx 000 0 eng d
040 _aGCL /
_cGCL
082 0 4 _a658.4012
_bB S
100 1 _aDAVIES, LESLIE
245 1 0 _aSTRATEGIC INVESTMENT DECISIONS: THEORY, PRACTICE AND PROCESS /
_cDAVIES, LESLIE
700 1 _aSHARP, JOHN
700 1 _aBUTLER, RICHARD
700 1 _aPIKE, RICHARD
260 _a[S.N] :
_bROUTLEDGE ،
_c1993
300 _a231 P
650 0 4 _aSTRATEGY
650 0 4 _aDECISION - MAKING
942 _2ddc
_cBK
999 _c21455
_d21455